000 00511nam a2200181Ia 4500
008 100917s9999 xx 000 0 und d
082 _b63556
100 _aवगळ अरूण
245 _aस्वप्नगंधा
260 _bप्रिया प्रकाशन
_c1983
300 _a148
365 _b30
520 _aकादंबरी
630 _aस्वप्नगंधा
650 _aकादंबरी
730 _aस्वप्नगंधा
942 _cBOOK
999 _c668950
_d668947